000 00484nam a2200169Ia 4500
008 221030s9999 xx 000 0 und d
020 _a818501583X
041 _aEnglish
082 _a105.23
_bFey
100 _aR .P. Feynman
245 4 _aThe Feynman Lectures on Physics Vol. 2 - Mainly Electromagnetism & Matter
_cby R .P. Feynman, R. B. Leighton
260 _bNarosa Pub House
_aNew Delhi
_c2001
300 _a1396
650 _aPhysics
700 _aR. B. Leighton
942 _cBK
999 _c3180
_d3180